| 000 | 03343nab a2200325 i 4500 | ||
|---|---|---|---|
| 003 | BR-BrBNA | ||
| 005 | 20241212104823.0 | ||
| 008 | 241212b2024 bl.ar|pooa||| 00| 0 eng | | ||
| 040 |
_aBR-BrBNA _beng |
||
| 072 |
_aF01 _b1690 |
||
| 072 | _aF61 | ||
| 100 | _aTéllez, Hayver Olaya | ||
| 100 | _aPutti, Fernando Ferrari | ||
| 100 | _aVillas Bôas, Roberto Lyra | ||
| 245 | _aMagnetic and electromagnetic treatment of the nutrient solution in arugula hydroponic cultivation | ||
| 500 | _aPublicação online; 48 ref.; 7 illus.; Summaries (En, Pt) | ||
| 520 | _a ABSTRACT - Hydroponic cultivation is relevant in vegetable production due to the efficient use of resources, plant growth control, high yields and good quality of harvested products. This study aimed to assess the effects of magnetic and electromagnetic treatments of the nutrient solution on the hydroponic arugula production. The treatments comprised the exposition of the nutrient solution to magnetism, electromagnetism and conventional cultivation (control) monitored during four periods (7, 14, 21 and 28 days after transplanting), with four replicates for each treatment. The experiment followed a completely randomized factorial design. The magnetic treatment led to gains in plant growth and yield, in addition to reducing the presence of algae in roots, as well as increasing the concentrations of magnesium, manganese and iron in the development of the arugula crop under hydroponic cultivation, but with no direct effect on plant growth. KEYWORDS: Eruca sativa, hydroponic cultivation, plant nutrition | ||
| 520 | _a RESUMO - Tratamento magnético e eletromagnético da solução nutritiva na produção hidropônica de rúcula - O cultivo hidropônico é relevante na produção de hortaliças devido ao uso eficiente de recursos, controle do desenvolvimento das plantas, elevada produtividade e boa qualidade dos produtos colhidos. Objetivou-se quantificar os efeitos de tratamentos magnético e eletromagnético na solução nutritiva sobre a produção de rúcula hidropônica. Os tratamentos incluíram exposição da solução nutritiva a magnetismo, eletromagnetismo e cultivo convencional (controle), com monitoramento ao longo de quatro períodos (7, 14, 21 e 28 dias após o transplante), e quatro repetições para cada tratamento. Utilizou-se delineamento inteiramente ao acaso, em esquema fatorial. O tratamento magnético proporciona ganhos no desenvolvimento e produtividade e reduz a presença de algas na raiz, bem como aumenta a concentração de magnésio, manganês e ferro no desenvolvimento da cultura de rúcula hidropônica, embora sem implicações diretas no desenvolvimento das plantas. PALAVRAS-CHAVE: Eruca sativa, cultivo hidropônico, nutrição vegetal. | ||
| 650 | _aRÚCULA | ||
| 650 | _aHORTALIÇA FOLHOSA | ||
| 650 | _aCULTIVO HIDROPÔNICO | ||
| 650 | _aNUTRIÇÃO VEGETAL | ||
| 650 | _aSOLUÇÃO NUTRITIVA | ||
| 650 | _aABSORÇÃO DE NUTRIENTES | ||
| 650 | _aRENDIMENTO | ||
| 773 | 0 |
_03248 _9317349 _dGoiânia-GO UFG. Escola de Agronomia 1999 _o2024-4001 _tPesquisa Agropecuária Tropical (Brazil) _x1517-6398 _gv. 54 p 1-10; (2024) _wBR2024003980 |
|
| 856 | _uhttps://www.scielo.br/j/pat/a/T9WhmKX8HDW57shphFc3Y9t/?format=pdf&lang=en | ||
| 942 | _cANA | ||
| 999 |
_c329199 _d329199 |
||